MARC

LEADER 00000nam0a2200000 4500
001 266499
005 20231101234015.0
035 |a (RuTPU)RU\TPU\book\289519 
090 |a 266499 
100 |a 20140709d1987 k y0rusy50 ca 
101 0 |a rus 
102 |a RU 
105 |a a z 001zy 
200 1 |a Пероксокомплексы ванадия, ниобия, тантала  |f И. И. Вольнов  |g Академия наук СССР (АН СССР), Институт общей и неорганической химии им. Н. С. Курнакова (ИОНХ) ; под ред. В. Я. Росоловского 
210 |a Москва  |c Наука  |d 1987 
215 |a 184 с.  |c ил. 
320 |a Библиография в конце глав. 
606 1 |a Ниобий  |x Химия  |2 stltpush  |3 (RuTPU)RU\TPU\subj\46266  |9 65432 
606 1 |a Тантал  |x Химия  |2 stltpush  |3 (RuTPU)RU\TPU\subj\58566  |9 76345 
606 1 |a Ванадий  |x Химия  |2 stltpush  |3 (RuTPU)RU\TPU\subj\75308  |9 87154 
610 1 |a пероксокомплексы 
610 1 |a пероксосоединения 
610 1 |a координационная химия 
610 1 |a химические связи 
610 1 |a каталитическое разложение 
610 1 |a перекись водорода 
610 1 |a кристаллическая структура 
675 |a 546.88  |v 3 
675 |a 546.881  |v 3 
700 1 |a Вольнов  |b И. И.  |g Илья Иванович 
702 1 |a Росоловский  |b В. Я.  |4 340 
712 0 2 |a Академия наук СССР (АН СССР)  |b Институт общей и неорганической химии им. Н. С. Курнакова (ИОНХ)  |c (Москва)  |2 stltpush  |3 (RuTPU)RU\TPU\col\11794 
801 1 |a RU  |b 63413507  |c 20140709 
801 2 |a RU  |b 63413507  |c 20160406  |g RCR 
942 |c BK